<?xml version="1.0" encoding="UTF-8"?>
<record
    xmlns:xsi="http://www.w3.org/2001/XMLSchema-instance"
    xsi:schemaLocation="http://www.loc.gov/MARC21/slim http://www.loc.gov/standards/marcxml/schema/MARC21slim.xsd"
    xmlns="http://www.loc.gov/MARC21/slim">

  <leader>00738cam a22002291a 4500</leader>
  <controlfield tag="001">ne 67001952 </controlfield>
  <controlfield tag="003">DLC</controlfield>
  <controlfield tag="005">20260227111835.0</controlfield>
  <controlfield tag="008">830528s1956    ir            000 0 fre  </controlfield>
  <datafield tag="010" ind1=" " ind2=" ">
    <subfield code="a">ne 67001952 </subfield>
  </datafield>
  <datafield tag="035" ind1=" " ind2=" ">
    <subfield code="a">(OCoLC)9558571</subfield>
  </datafield>
  <datafield tag="040" ind1=" " ind2=" ">
    <subfield code="a">DLC</subfield>
    <subfield code="c">IU</subfield>
    <subfield code="d">DLC</subfield>
  </datafield>
  <datafield tag="042" ind1=" " ind2=" ">
    <subfield code="a">premarc</subfield>
  </datafield>
  <datafield tag="050" ind1="0" ind2="0">
    <subfield code="a">QA689</subfield>
    <subfield code="b">.H32</subfield>
  </datafield>
  <datafield tag="100" ind1="1" ind2=" ">
    <subfield code="a">Hashtr&#x16B;d&#x12B;, Mu&#x1E25;sin,</subfield>
    <subfield code="d">1908-1976.</subfield>
  </datafield>
  <datafield tag="245" ind1="1" ind2="0">
    <subfield code="a">Sur les espaces de Riemann, de Weyl et de Schouten /</subfield>
    <subfield code="c">par Mohsen Hachtroudi.</subfield>
  </datafield>
  <datafield tag="260" ind1=" " ind2=" ">
    <subfield code="a">[T&#xE9;h&#xE9;ran :</subfield>
    <subfield code="b">Impr. de l'Universit&#xE9; de T&#xE9;h&#xE9;ran,</subfield>
    <subfield code="c">1956.</subfield>
  </datafield>
  <datafield tag="300" ind1=" " ind2=" ">
    <subfield code="a">iv, 127 p. ;</subfield>
    <subfield code="c">25 cm.</subfield>
  </datafield>
  <datafield tag="490" ind1="1" ind2=" ">
    <subfield code="a">Publication / Universit&#xE9; de T&#xE9;h&#xE9;ran ;</subfield>
    <subfield code="v">no. 297</subfield>
  </datafield>
  <datafield tag="650" ind1=" " ind2="0">
    <subfield code="a">Geometry, Riemannian.</subfield>
  </datafield>
  <datafield tag="830" ind1=" " ind2="0">
    <subfield code="a">Intish&#x101;r&#x101;t (D&#x101;nishg&#x101;h-i Tihr&#x101;n) ;</subfield>
    <subfield code="v">297</subfield>
  </datafield>
  <datafield tag="999" ind1=" " ind2=" ">
    <subfield code="c">49868</subfield>
    <subfield code="d">49868</subfield>
  </datafield>
</record>
